000 00473cam a2200193ua 4500
020 _c35.00
041 _aeng
_h
082 _a604.2
_bRHO/BA
100 _aRhodes, R S .
245 _aBasic engineering drawing /
_cR S Rhodes.
_hTextual Documents
250 _a1 /
_b.
260 _aAllahabad :
_bA H Wheeler and Co. Pvt. Ltd ,
_c1985.
300 _a181 ; .
365 _a35.00
504 _a
700 1 _aCook, L B .
942 _cBK
999 _c9521
_d9521